[Event "RUS-Cup8"]
[Site "Smolensk"]
[Date "1997.??.??"]
[Round "5"]
[White "Shchekachev, Andrei"]
[Black "Isupov, Vladimir"]
[Result "1-0"]
[WhiteElo "2520"]
[BlackElo "2375"]

1.Nf3 Nf6 2.c4 g6 3.Nc3 Bg7 4.e4 d6 5.d4 O-O 6.Be2 e5 7.Be3 c6 8.d5 Ng4 9.Bg5 f6
10.Bh4 Na6 11.c5 Nxc5 12.b4 Nd7 13.dxc6 bxc6 14.Qxd6 Nb6 15.Rd1 Qxd6 16.Rxd6 Nh6
17.O-O Nf7 18.Rxc6 Bb7 19.Rc7 Nd6 20.Nd2 Rfc8 21.Rc5 Nd7 22.Nc4 Rxc5 23.bxc5 Nxe4
24.Nxe4 Bxe4 25.f3 Bc6 26.Na5 Rc8 27.Nxc6 Rxc6 28.Bb5 Rc7 29.c6 Nc5 30.f4 Ne6
31.fxe5 fxe5 32.Rd1 Nd4 33.Rxd4 exd4 34.Bg3 Rc8 35.c7  1-0

[Event "RUS-Cup8"]
[Site "Smolensk"]
[Date "1997.??.??"]
[Round "7"]
[White "Krishilovsky, A."]
[Black "Isupov, Vladimir"]
[Result "0-1"]
[WhiteElo "2150"]
[BlackElo "2375"]

1.d4 Nf6 2.c4 g6 3.Nc3 Bg7 4.e4 d6 5.Nf3 O-O 6.Be2 Nbd7 7.O-O e5 8.Be3 c6
9.Rb1 exd4 10.Bxd4 Re8 11.Nd2 Nc5 12.Bf3 Bh6 13.Qc2 Ne6 14.Be3 Bxe3 15.fxe3 Nd7
16.Nb3 Ne5 17.Be2 Nc5 18.Rbd1 Qb6 19.Nd4 Be6 20.b3 a5 21.a3 a4 22.b4 Nb3
23.Nxa4 Rxa4 24.Qxb3 Qa6 25.b5 Qa7 26.b6 Qa5 27.Nxe6 Rxa3 28.Qb2 Rxe6 29.Ra1 Rxa1
30.Rxa1 Qc5 31.Ra8+ Kg7 32.Qd4 Qb4 33.Kf2 Rf6+ 34.Bf3 c5 35.Qd5 g5 36.h3 h5
37.Kg3 Qe1+ 38.Kh2 g4 39.hxg4 hxg4 40.Bxg4 Rh6+ 41.Bh3 Nf3+ 42.gxf3 Qf2+  0-1

[Event "RUS-Cup8"]
[Site "Smolensk"]
[Date "1997.??.??"]
[Round "8"]
[White "Aleksandrov, Aleksej"]
[Black "Kotsur, Pavel"]
[Result "0-1"]
[WhiteElo "2615"]
[BlackElo "2480"]

1.d4 Nf6 2.c4 g6 3.Nc3 Bg7 4.Nf3 O-O 5.e4 d6 6.Be2 e5 7.d5 Nbd7 8.Nd2 a5
9.h4 h5 10.Nf3 Nc5 11.Ng5 c6 12.Be3 Bd7 13.f3 cxd5 14.exd5 Ne8 15.Qc2 a4
16.O-O Bh6 17.f4 Bf5 18.Qd2 Nd7 19.Nb5 Bg7 20.Rad1 exf4 21.Rxf4 Be5 22.Rff1 Nef6
23.Nd4 Bg4 24.Bf3 Re8 25.Bf2 Nc5 26.Rde1 Bd7 27.Qc2 Re7 28.Kh1 Qf8 29.Nde6 Nxe6
30.dxe6 Bxe6 31.Nxe6 Rxe6 32.Bxb7 Rb8 33.Bf3 Rxb2 34.Qxa4 Ng4 35.Bxg4 hxg4
36.c5 dxc5 37.Qxg4 Rb4 38.Qf3 Rf6 39.Qe2 Bd6 40.Kg1 Rf5 41.Qd1 Qb8 42.Re3 Bh2+
43.Kh1 Be5 44.Rf3 Rxf3 45.Qxf3 Rf4 46.Qe2 Bd4 47.g3 Rxf2 48.Rxf2 Bxf2 49.Qxf2 c4
50.Qc2 Qb4 51.Qe4 Qc5 52.h5 gxh5 53.Kg2 c3 54.Qc2 Qe3 55.Kh3 h4  0-1

[Event "Sochi"]
[Site "Sochi"]
[Date "1997.??.??"]
[Round "?"]
[White "Lunev, A."]
[Black "Yurtaev, Leonid"]
[Result "0-1"]
[WhiteElo "2400"]
[BlackElo "2495"]

1.d4 Nf6 2.c4 g6 3.Nc3 Bg7 4.e4 d6 5.Nf3 O-O 6.Be2 e5 7.O-O Nbd7 8.Re1 h6
9.Bf1 Nh7 10.b3 Ng5 11.dxe5 dxe5 12.Nxg5 hxg5 13.Qg4 Bh6 14.Ba3 Re8 15.Rad1 c6
16.Qg3 Qf6 17.Na4 Nf8 18.Bd6 g4 19.c5 Nh7 20.Qc3 Bf4 21.g3 Bh6 22.Bg2 Ng5
23.Rd3 Bg7 24.Nb2 b5 25.cxb6 axb6 26.Qxc6 Ba6 27.Nc4 Rec8 28.Qd7 Bxc4 29.bxc4 Qe6
30.Bc7 Qxc4 31.Bxb6 Qb4 32.Rd2 Qxb6 33.Qxg4 Ne6 34.h4 Bh6 35.Rd7 Rxa2 36.Qf3 Rf8
37.Rf1 Nd4 38.Qg4 Qe6 39.Qxe6 Nxe6  0-1

[Event "Russian Cup f"]
[Site "Sochi"]
[Date "1997.??.??"]
[Round "9"]
[White "Galkin, Alexander"]
[Black "Ibragimov, Ildar"]
[Result "0-1"]
[WhiteElo "2540"]
[BlackElo "2585"]

1.c4 Nf6 2.Nc3 g6 3.e4 d6 4.d4 Bg7 5.Be2 O-O 6.Nf3 e5 7.d5 a5 8.h3 Na6 9.Bg5 Qe8
10.Nd2 Nd7 11.g4 Ndc5 12.Nf1 f6 13.Be3 f5 14.gxf5 gxf5 15.exf5 Bxf5 16.Ng3 Qg6
17.Nxf5 Qxf5 18.Bg4 Qg6 19.Rg1 Kh8 20.Qb1 e4 21.Kf1 Nb4 22.Be6 Qh5 23.Rxg7 Kxg7
24.Bd4+ Kh6 25.Be3+ Kg7 26.Bd4+ Kh6 27.Be3+ Kg6 28.Nxe4 Ncd3 29.Qd1 Qxd1+
30.Rxd1 Nxb2 31.Rc1 N2d3 32.Rb1 b6 33.Rb3 Nf4 34.Bxf4 Rxf4 35.Rg3+ Kh6 36.f3 Nd3
37.Ke2 Ne5 38.Nf2 Raf8  0-1

[Event "POL-ch"]
[Site "Sopot"]
[Date "1997.??.??"]
[Round "7"]
[White "Kempinski, Robert"]
[Black "Grabarczyk, Bogdan"]
[Result "1-0"]
[WhiteElo "2515"]
[BlackElo "2460"]

1.d4 Nf6 2.c4 g6 3.Nc3 Bg7 4.Nf3 O-O 5.e4 d6 6.Be2 e5 7.d5 a5 8.h3 Nh5 9.Nh2 Nf4
10.Bf1 Na6 11.g3 Nh5 12.Be2 Nc5 13.Ng4 Kh8 14.Ne3 Nf6 15.Qc2 c6 16.g4 Bd7
17.f3 Rc8 18.Qb1 cxd5 19.cxd5 Bh6 20.h4 Bf4 21.Nc4 Ne8 22.Bxf4 exf4 23.Na3 Nc7
24.Qd1 Kg8 25.Qd2 b5 26.Nd1 Re8 27.Nf2 Qf6 28.Rb1 b4 29.Nc4 Bb5 30.g5 Qd8
31.Ng4 Bxc4 32.Nf6+ Kg7 33.Bxc4 Nd7 34.Nxe8+ Qxe8 35.Be2 Qe5 36.Kf2 f6 37.gxf6+ Qxf6
38.a3 Ne8 39.axb4 axb4 40.Rhc1 Rxc1 41.Qxc1 Qd4+ 42.Kg2 Nef6 43.Qd1 Qe5 44.Qd2 b3
45.Qc3 Qh5 46.Rh1 Kh6 47.Bd1 Nc5 48.Qxf6  1-0

[Event "ROM-chT2"]
[Site "Sovata"]
[Date "1997.??.??"]
[Round "?"]
[White "Ionescu, Mihai"]
[Black "Dumitrescu, Dragos"]
[Result "1/2-1/2"]
[WhiteElo "2395"]
[BlackElo "2410"]

1.d4 Nf6 2.c4 g6 3.Nc3 Bg7 4.e4 d6 5.Nf3 O-O 6.Be2 e5 7.Be3 h6 8.O-O exd4
9.Nxd4 Re8 10.f3 Nbd7 11.Qd2 Kh7 12.Rfd1 Ne5 13.Bf1 Bd7 14.Rac1 b6 15.b3 a6
16.Kh1 Ng8 17.Re1 Ne7 18.Rcd1 Rb8 19.Bg1  1/2-1/2

[Event "St Heliers op"]
[Site "St Heliers"]
[Date "1997.??.??"]
[Round "5"]
[White "Lalic, Bogdan"]
[Black "Williams, Leighton"]
[Result "1-0"]
[WhiteElo "2585"]
[BlackElo "2195"]

1.d4 Nf6 2.Nf3 g6 3.c4 Bg7 4.Nc3 O-O 5.e4 d6 6.Be2 e5 7.Be3 Ng4 8.Bg5 f6
9.Bh4 Nc6 10.d5 Ne7 11.Nd2 h5 12.h3 Nh6 13.Bg3 Kh8 14.f4 f5 15.fxe5 fxe4
16.Ndxe4 Nef5 17.Bf4 Bxe5 18.Bxe5+ dxe5 19.O-O Bd7 20.Qd2 Kg7 21.Bd3 Qe7
22.Rae1 b6 23.Ng5 Rae8 24.Nf3 Ng3 25.Rf2 Nf7 26.Ne4 Nxe4 27.Bxe4 Qc5 28.Bd3 c6
29.b4 Qd6 30.Nh4 Nh8 31.Rxf8 Qxf8 32.dxc6 Bxc6 33.Qg5 Qf6 34.Nf5+ Kf7 35.Qxf6+ Kxf6
36.Nd6 Rd8 37.c5 bxc5 38.bxc5 Rb8 39.Be4 Bxe4 40.Rxe4 Nf7 41.Nxf7 Kxf7 42.Rxe5 Rb2
43.c6 Rc2 44.Ra5 Rxc6 45.Rxa7+ Kf6 46.Ra3 Rc2 47.h4 Kf5 48.Kh2 Kg4 49.Ra4+ Kf5
50.Ra6 Rc5 51.Rb6 Rc2 52.Rb5+ Kg4 53.Rb4+ Kf5 54.a4 Ra2 55.Rc4 Rb2 56.Rc5+ Kg4
57.Rc4+ Kf5 58.Kh3 Ra2 59.Rc5+ Kf6 60.a5 Ra3+ 61.Kh2 Ra2 62.Rg5 Ra4 63.g3 Ra2+
64.Kg1 Re2 65.Kf1 Re3 66.Kf2 Re4 67.Kf3 Re1 68.Rb5 Ra1 69.Ke4 Ra4+ 70.Kd5 Ra3
71.Kc6 Rxg3 72.a6 Rg4 73.a7  1-0

[Event "White Nights op"]
[Site "St Petersburg"]
[Date "1997.??.??"]
[Round "?"]
[White "Altshul, Raffael"]
[Black "Rutman, A."]
[Result "1/2-1/2"]
[WhiteElo "2365"]
[BlackElo "2315"]

1.Nf3 Nf6 2.d4 g6 3.c4 Bg7 4.Nc3 O-O 5.e4 d6 6.Be2 e5 7.d5 Nbd7 8.h4 Nc5
9.Nd2 a5 10.h5 c6 11.Qc2 Bd7 12.Nb3 Nxb3 13.axb3 cxd5 14.cxd5 Qc8 15.Be3 b5
16.Qd3 b4 17.Na4 Bxa4 18.bxa4 Qd7 19.hxg6 fxg6 20.O-O Rfc8 21.Bf3 Qe8 22.Qb3 h5
23.Rac1 Kh7 24.Rxc8  1/2-1/2

[Event "White Nights op"]
[Site "St Petersburg"]
[Date "1997.??.??"]
[Round "?"]
[White "Shchukin, Dmitry"]
[Black "Krishilovsky, A."]
[Result "1-0"]
[WhiteElo "2310"]
[BlackElo "2150"]

1.d4 Nf6 2.c4 g6 3.Nc3 Bg7 4.e4 d6 5.Nf3 O-O 6.Be2 e5 7.d5 Nbd7 8.Nd2 a5
9.h4 h5 10.Nf3 Nc5 11.Ng5 c6 12.f3 Qb6 13.Qc2 Bd7 14.Be3 cxd5 15.cxd5 Rfc8
16.Qd2 Qb4 17.Kf2 a4 18.Rhc1 Qa5 19.Rab1 Ne8 20.b4 axb3 21.axb3 Qb4 22.Na4 Qxd2
23.Bxd2 Bxa4 24.bxa4 Rxa4 25.Be3 Ra2 26.Bxc5 dxc5 27.Rxb7 Nd6 28.Rb6 Bf8
29.Kf1 Be7 30.Nh3 Kf8 31.Nf2 c4 32.Nd1 Ra3 33.g3 f5 34.Nc3 Kg7 35.f4 Nxe4
36.Nxe4 fxe4 37.Rb7 Kf8 38.fxe5 Bc5 39.Rxc4 Ra1+ 40.Kg2 Ra2 41.Kf1 Ra1+ 42.Kg2 Ra2
43.Rxe4  1-0

[Event "St Petersburg"]
[Site "St Petersburg"]
[Date "1997.??.??"]
[Round "3"]
[White "Komarov, Dimitri"]
[Black "Svidler, Peter"]
[Result "1/2-1/2"]
[WhiteElo "2615"]
[BlackElo "2640"]

1.d4 Nf6 2.Nf3 g6 3.c4 Bg7 4.Nc3 O-O 5.e4 d6 6.Be2 e5 7.O-O Nbd7 8.Re1 c6
9.Bf1 a5 10.dxe5 dxe5 11.Na4 Qe7 12.Qc2 b6 13.Be3 Rb8 14.Rad1 Ba6 15.c5 Bxf1
16.Kxf1 b5 17.Nb6 Nxb6 18.cxb6 Rfc8 19.Bc5 Qe8 20.Qd2 Rb7 21.Qxa5 Nd7 22.Qc3 Nxb6
23.b3 Nd7 24.Re2 Nxc5 25.Qxc5 f6 26.Rc2  1/2-1/2

[Event "St Petersburg"]
[Site "St Petersburg"]
[Date "1997.??.??"]
[Round "5"]
[White "Komarov, Dimitri"]
[Black "Sakaev, Konstantin"]
[Result "1/2-1/2"]
[WhiteElo "2615"]
[BlackElo "2580"]

1.Nf3 Nf6 2.c4 g6 3.Nc3 Bg7 4.e4 d6 5.d4 O-O 6.Be2 e5 7.d5 Na6 8.Nd2 h5 9.a3 c5
10.Nf3 Nh7 11.h4 f5 12.exf5 Bxf5 13.Be3 e4 14.Ng5 Nxg5  1/2-1/2

[Event "St Petersburg"]
[Site "St Petersburg"]
[Date "1997.??.??"]
[Round "7"]
[White "Kortschnoj, Viktor"]
[Black "Svidler, Peter"]
[Result "1-0"]
[WhiteElo "2635"]
[BlackElo "2640"]

1.d4 Nf6 2.c4 g6 3.Nc3 Bg7 4.e4 O-O 5.Be2 d6 6.Nf3 e5 7.O-O Nbd7 8.Be3 Qe7
9.Qc2 Ng4 10.Bg5 f6 11.Bd2 c6 12.d5 f5 13.Ng5 Ndf6 14.f3 Nh6 15.c5 cxd5 16.Nxd5 Nxd5
17.Bc4 f4 18.Bxd5+ Kh8 19.h4 dxc5 20.Rac1 Ng8 21.Qxc5 h6 22.Qxe7 Nxe7 23.Nf7+ Kg8
24.Bb3 Rxf7 25.Rc7 Bf6 26.Bb4 Kg7 27.Rfc1 a5 28.Ba3 b5 29.Bc5 Ba6 30.Bxf7 Kxf7
31.h5  1-0

[Event "Bodensee-Cup"]
[Site "Steckborn"]
[Date "1997.??.??"]
[Round "1"]
[White "Pelletier, Yannick"]
[Black "Schmaltz, Roland"]
[Result "1-0"]
[WhiteElo "2470"]
[BlackElo "2430"]

1.d4 d6 2.c4 g6 3.Nc3 Bg7 4.Nf3 Nf6 5.e4 O-O 6.Be2 e5 7.O-O exd4 8.Nxd4 Re8
9.f3 Nc6 10.Be3 Nh5 11.Qd2 f5 12.Nxc6 bxc6 13.exf5 Rb8 14.Rab1 Bxf5 15.Bd3 Qh4
16.Ne4 Qe7 17.Rfe1 c5 18.g4 Bxe4 19.Bxe4 Nf6 20.Bc6 Rf8 21.Bxc5 Qf7 22.Bxa7 Qxc4
23.Rbc1 Qb4 24.Qxb4 Rxb4 25.b3 h5 26.h3 hxg4 27.hxg4 Nxg4 28.fxg4 Rxg4+ 29.Kh1 Rf5
30.Re8+ Kh7 31.Re2 Rh4+ 32.Kg1 d5 33.Rh2 Rg5+ 34.Kh1 Rxh2+ 35.Kxh2 d4 36.Bg2 Be5+
37.Kg1 Bf4 38.Rc5 Rg3 39.Kf1 d3 40.Rd5 d2 41.Kf2 Rc3 42.Bf3 Rc2 43.Bd1 Rxa2
44.Be3  1-0

[Event "Stockholm"]
[Site "Stockholm"]
[Date "1997.??.??"]
[Round "7"]
[White "Olafsson, Helgi"]
[Black "Seeman, Tarvo"]
[Result "1/2-1/2"]
[WhiteElo "2505"]
[BlackElo "2395"]

1.Nf3 Nf6 2.c4 g6 3.Nc3 Bg7 4.e4 d6 5.d4 O-O 6.Be2 e5 7.O-O Na6 8.Be3 Ng4
9.Bg5 Qe8 10.h3 Nf6 11.c5 exd4 12.Bxf6 dxc3 13.Bxg7 Kxg7 14.Qd4+ Kg8 15.b4 dxc5
16.bxc5 b6 17.Bxa6 Bxa6 18.Rfe1 Rd8 19.Qxc3 Rd3 20.Qb2 Qb5 21.Qxb5 Bxb5 22.a4 Ba6
23.Rec1 Re8 24.cxb6 cxb6 25.Rc7 Rxe4 26.Rxa7 Bc4 27.Rb7 Bb3 28.a5 bxa5 29.Rxa5 h6
30.Ne5 Rd1+ 31.Kh2 Bd5 32.Re7 g5 33.Ng6 fxg6 34.Rxd5 Rxd5 35.Rxe4  1/2-1/2

[Event "Svetlogorsk op (Women)"]
[Site "Svetlogorsk"]
[Date "1997.??.??"]
[Round "7"]
[White "Umanskaya, Irina"]
[Black "Kovalevskaya, Ekaterina"]
[Result "1/2-1/2"]
[WhiteElo "2330"]
[BlackElo "2350"]

1.d4 Nf6 2.Nf3 g6 3.c4 Bg7 4.Nc3 O-O 5.e4 d6 6.Be2 Nbd7 7.O-O e5 8.Be3 c6
9.d5 c5 10.Ne1 Ne8 11.g4 f5 12.exf5 gxf5 13.gxf5 Nb6 14.Kh1 Bxf5 15.Rg1 e4
16.Ng2 Qe7 17.Nf4 Nf6 18.Qd2 Kh8 19.Rg5 Bd7 20.a4 Bh6 21.Rg3 Bf5 22.Ng6+ hxg6
23.Bxh6 Rf7 24.Bg5 Nbd7 25.Nd1 Rh7 26.Ne3 Qe5 27.Nxf5 Qxf5 28.Qf4 Rf8 29.Qxf5 gxf5
30.Rag1 Rg8 31.f4 exf3 32.Bxf3 Rhg7 33.h4 Rf7 34.Bxf6+ Nxf6 35.Rxg8+ Nxg8
36.Re1 Re7 37.Re6 Rxe6 38.dxe6 b6 39.Kg2 Kg7 40.Kg3 Kf6 41.Kf4 Ne7 42.h5 Ng8
43.Bd5 Ne7 44.b3 Ng8 45.Bc6 Ne7 46.Bd5  1/2-1/2

[Event "SVK-chT1W 9798"]
[Site "SVK"]
[Date "1997.??.??"]
[Round "?"]
[White "Veselsky, Jozef"]
[Black "Majzlan, Igor"]
[Result "0-1"]
[WhiteElo "2275"]
[BlackElo "2170"]

1.d4 Nf6 2.Nf3 g6 3.c4 Bg7 4.Nc3 O-O 5.e4 d6 6.Be2 e5 7.dxe5 dxe5 8.Qxd8 Rxd8
9.Bg5 Re8 10.Nd5 Nxd5 11.cxd5 c6 12.Bc4 cxd5 13.Bxd5 Nc6 14.O-O-O Bg4 15.Kb1 Bxf3
16.gxf3 Nd4 17.Be3 Re7 18.f4 Ne2 19.fxe5 Bxe5 20.Rd2 Nf4 21.Bb3 b6 22.Rhd1 Rc8
23.Rd8+ Rxd8 24.Rxd8+ Kg7 25.Bd2 Rc7 26.a4 Kf6 27.Bb4 Ne6 28.Bxe6 Kxe6 29.Re8+ Kf6
30.h3 Rd7 31.f3 Bd4 32.Kc2 Kg5 33.Bd2+ Kh4 34.Bb4 Kxh3 35.f4 Kg4 36.e5 h5
37.e6 fxe6 38.Rxe6 Kf5 39.Re8 h4 40.Rf8+ Kg4 41.Rg8 Bg7 42.Re8 h3 43.Re1 Bd4
44.Re6 Kf5 45.Re2 Rh7  0-1

[Event "SVK-chT1W 9798"]
[Site "SVK"]
[Date "1997.??.??"]
[Round "?"]
[White "Horvath, Marian"]
[Black "Kundrik, Peter"]
[Result "0-1"]
[WhiteElo "2060"]
[BlackElo "2115"]

1.d4 Nf6 2.c4 g6 3.Nc3 Bg7 4.e4 d6 5.Nf3 O-O 6.Be2 e5 7.O-O Nbd7 8.Bg5 h6
9.Bh4 Re8 10.dxe5 dxe5 11.b4 c6 12.Qd2 Qe7 13.Rab1 a5 14.a3 g5 15.Bg3 Nh5
16.Rfd1 Nf4 17.Ne1 Nf8 18.Nc2 N8e6 19.Na4 axb4 20.Nb6 Ra6 21.Nxc8 Rxc8 22.axb4 Ra2
23.Bxf4 Nd4 24.Qd3 Rxc2 25.Rd2 Rxd2 26.Bxd2 Ra8 27.Be3 Ra4 28.Bxd4 exd4 29.Qb3 Ra8
30.Bd3 b6 31.h3 Be5 32.g3 Qe6 33.Kg2 Kg7 34.Be2 Bd6 35.Bd3 Qe5 36.Qb2 h5
37.b5 Ra3 38.Qe2 h4 39.Qd2 hxg3 40.f3 c5 41.Re1 f6 42.Qc2 Kf8 43.Qd2 Qf4
44.Qc2 Be5 45.Qe2 Ke7 46.Qc2 Ke6 47.Re2 Rc3 48.Qd2 Qxd2 49.Rxd2 Bf4 50.Rd1 Rb3
51.Bf1 Rb2+ 52.Kh1 Rh2+  0-1

[Event "SVK-chT1W 9798"]
[Site "SVK"]
[Date "1997.??.??"]
[Round "?"]
[White "Jakubek, Peter"]
[Black "Vadkerti, Jan"]
[Result "1-0"]
[WhiteElo "2265"]
[BlackElo "1985"]

1.d4 Nf6 2.Nf3 d6 3.c4 g6 4.Nc3 Bg7 5.e4 O-O 6.Be2 Nh5 7.O-O e5 8.dxe5 dxe5
9.Qxd8 Rxd8 10.Bg5 Re8 11.Nd5 Na6 12.c5 Be6 13.Bxa6 Bxd5 14.Bb5 c6 15.exd5 cxb5
16.Rfd1 h6 17.Be3 f5 18.a4 f4 19.axb5 fxe3 20.fxe3 Red8 21.d6 e4 22.Nd4 Nf6
23.Ne6 Nd7 24.Nxd8 Nxc5 25.Rac1 b6 26.Nc6 Bxb2 27.Rxc5 bxc5 28.d7 Bf6 29.d8=Q+ Bxd8
30.Rxd8+ Rxd8 31.Nxd8  1-0

[Event "SVK-chT 9798"]
[Site "SVK"]
[Date "1997.??.??"]
[Round "2"]
[White "Timoshchenko, Gennadi A"]
[Black "Talla, Vladimir"]
[Result "1-0"]
[WhiteElo "2540"]
[BlackElo "2315"]

1.d4 Nf6 2.Nf3 g6 3.c4 Bg7 4.Nc3 O-O 5.e4 d6 6.Be2 Nbd7 7.O-O e5 8.Be3 Ng4
9.Bg5 f6 10.Bc1 Nh6 11.Rb1 a5 12.a3 c6 13.b4 axb4 14.axb4 Re8 15.h3 Nf7 16.d5 c5
17.Ne1 b6 18.bxc5 bxc5 19.Bg4 Nf8 20.Bxc8 Qxc8 21.Nb5 Qd7 22.Nd3 Rec8 23.Be3 Qe7
24.Ra1 Bh6 25.Bxh6 Nxh6 26.Ra4 Nf7 27.Qa1 Qb7 28.Rb1 Rxa4 29.Qxa4 Ra8 30.Qd1 Qc8
31.Ne1 Kg7 32.Nc2 h5 33.Ne3 Nd7 34.h4 Qd8 35.Ra1 Nf8 36.Ra4 Qb8 37.Qa1 Rxa4
38.Qxa4 Qb7 39.Qa5 Kg8 40.g3 Nd7 41.Nc7 Kf8 42.Kg2 Ke7 43.Nb5 Qb6 44.Qa2 Nb8
45.Qe2 Nd7 46.g4 hxg4 47.Qxg4 Nf8 48.h5 Nh6 49.Qh3 g5 50.Qc8 Kf7 51.Qc6  1-0

[Event "SVK-chT 9798"]
[Site "SVK"]
[Date "1997.??.??"]
[Round "3"]
[White "Timoshchenko, Gennadi A"]
[Black "Mrva, Martin"]
[Result "1/2-1/2"]
[WhiteElo "2540"]
[BlackElo "2395"]

1.d4 Nf6 2.c4 g6 3.Nc3 Bg7 4.e4 d6 5.Nf3 O-O 6.Be2 e5 7.Be3 Ng4 8.Bg5 f6
9.Bh4 g5 10.Bg3 Nh6 11.dxe5 fxe5 12.h4 g4 13.Nh2 Nc6 14.Nxg4 Nd4 15.Ne3 Be6
16.Nc2 c5 17.Ne3 Kh8 18.Ncd5 Ng8 19.f3 Bh6 20.Bf2 Nf6 21.Bd3  1/2-1/2

[Event "SVK-chT 9697"]
[Site "SVK"]
[Date "1997.??.??"]
[Round "3"]
[White "Likavsky, Tomas"]
[Black "Kalisky, Vladimir"]
[Result "1/2-1/2"]
[WhiteElo "2305"]
[BlackElo "2275"]

1.d4 Nf6 2.c4 d6 3.Nf3 g6 4.Nc3 Bg7 5.e4 O-O 6.Be2 Nbd7 7.O-O e5 8.Re1 Re8
9.Bf1 exd4 10.Nxd4 Ng4 11.h3 Nge5 12.Be3 Nc5 13.Qd2 Ne6 14.Nc2 Bd7 15.Rad1 Bc6
16.Nb4 a5 17.Nbd5 Nd7 18.g3 Ndc5 19.Bg2 Na4 20.Nxa4 Bxa4 21.b3 Bc6 22.f4 Nf8
23.g4 Nd7 24.g5 a4 25.b4 a3 26.Bd4 Bxd4+ 27.Qxd4 Bxd5 28.cxd5 Qb8 29.Rc1 Ra4
30.Bf1 c5 31.dxc6 bxc6 32.Rxc6 Rxb4 33.Rc4 Rb2 34.Re2 Nc5 35.e5 Ne6 36.Qe3 dxe5
37.fxe5 Rxe2 38.Bxe2 Qb1+ 39.Kg2 Qxa2 40.Ra4 Qb1 41.Rxa3 Qf5 42.Qf3 Qxg5+
43.Qg3 Qxg3+ 44.Kxg3 Nd4 45.Re3 Nxe2+ 46.Rxe2 Re6 47.Kf4 f6 48.h4 Rxe5 49.Rxe5 fxe5+
50.Kxe5 Kf7 51.Kf4 Kf6 52.Ke4 Kf7 53.Kf4 Kf8 54.h5  1/2-1/2

[Event "SVK-chT2 9697"]
[Site "SVK"]
[Date "1997.??.??"]
[Round "3"]
[White "Timoshchenko, Gennadi A"]
[Black "Ac, Michal"]
[Result "0-1"]
[WhiteElo "2515"]
[BlackElo "2275"]

1.d4 Nf6 2.Nf3 g6 3.c4 Bg7 4.Nc3 O-O 5.e4 d6 6.Be2 e5 7.Be3 Ng4 8.Bg5 f6
9.Bh4 Qe8 10.h3 exd4 11.Nb5 Ne5 12.Nxc7 Qc6 13.Nxa8 Qxe4 14.Bg3 Na6 15.Nxd4 Qxg2
16.Rh2 Qe4 17.f4 Qe3 18.Rg2 Bxh3 19.Nc2 Nf3+  0-1

[Event "SVK-chT 9697"]
[Site "SVK"]
[Date "1997.??.??"]
[Round "5"]
[White "Polak, Tomas"]
[Black "Salai, Ladislav"]
[Result "1-0"]
[WhiteElo "2445"]
[BlackElo "2440"]

1.d4 Nf6 2.c4 g6 3.Nc3 Bg7 4.e4 d6 5.Be2 O-O 6.Nf3 e5 7.d5 a5 8.Bg5 h6 9.Bh4 Na6
10.Nd2 Qe8 11.O-O h5 12.Bg5 Nh7 13.Be3 Bf6 14.Nf3 Qe7 15.a3 Bd7 16.Rb1 Ng5
17.Qd2 Nxf3+ 18.Bxf3 a4 19.Bd1 Nc5 20.Bc2 b6 21.Rbe1 Rfb8 22.Nb5 Rc8 23.Qd1 Bg5
24.Bxc5 bxc5 25.Bxa4 Bf4 26.Nc3 Rxa4 27.Nxa4 Qg5 28.Nc3 Bd2 29.h4 Qh6 30.Re2 Bxc3
31.bxc3 Qf4 32.g3 Qf6 33.f3 Ra8 34.Qc1 Ra4 35.Rb2 Kg7 36.Rb7 Rxc4 37.Rxc7 Bh3
38.Rf2 Qd8 39.Rc6 Ra4 40.Qb2 Qa5 41.Kh2  1-0

[Event "SVK-chT 9697"]
[Site "SVK"]
[Date "1997.??.??"]
[Round "5"]
[White "Ftacnik, Lubomir"]
[Black "Movsesian, Sergei"]
[Result "1/2-1/2"]
[WhiteElo "2610"]
[BlackElo "2635"]

1.d4 Nf6 2.Nf3 g6 3.c4 Bg7 4.Nc3 O-O 5.e4 d6 6.Be2 e5 7.O-O Nbd7 8.Qc2 c6
9.d5 c5 10.g3 Kh8 11.Nh4 Ng8 12.a3 b6 13.b4 Ne7 14.Nb5 Nf6 15.bxc5 bxc5 16.Rb1 Ne8
17.Bd3 Bh3 18.Re1 f5 19.exf5 Nxf5 20.Nxf5 gxf5 21.Nc3 Qd7 22.f4 Nf6 23.Bf1 Bxf1
24.Rxf1 e4 25.Ne2 Rae8 26.a4 Qf7 27.Rb3 Rb8 28.Bb2 Qh5 29.Bxf6 Bxf6 30.Rfb1 Rbe8
31.Kg2 Rg8 32.Qd1 Qg4 33.Qf1 Re7 34.Rb8 h5 35.a5 h4 36.Rxg8+ Kxg8 37.Rb8+ Kf7
38.h3 Qg7 39.a6 hxg3 40.Rb7 Kg6 41.Qb1 Qh8 42.Nxg3 Bh4 43.Rxe7 Bxe7 44.Nxe4 fxe4
45.Qxe4+ Kf7 46.Qe6+ Kf8 47.Qc8+ Kg7 48.Qd7 Kf7 49.Qe6+ Ke8 50.Qc8+ Bd8 51.Qe6+ Be7
52.Qc8+ Bd8 53.Qe6+ Be7  1/2-1/2

[Event "SVK-chT 9697"]
[Site "SVK"]
[Date "1997.??.??"]
[Round "6"]
[White "Hrivnak, Martin"]
[Black "Bednar, Jaromir"]
[Result "1/2-1/2"]
[WhiteElo "2185"]
[BlackElo "2255"]

1.Nf3 Nf6 2.c4 d6 3.d4 Nbd7 4.Nc3 e5 5.e4 g6 6.Be2 Bg7 7.O-O O-O 8.dxe5 dxe5
9.Qc2 c6 10.Rd1 Qc7 11.b3 Re8 12.Ba3 Bf8 13.Bxf8 Nxf8 14.Na4 Bg4 15.Ne1 Bxe2
16.Qxe2 Ne6 17.Nc2 b5 18.Nc3 b4 19.Na4 a5 20.f3 Rad8 21.Qf2 Rxd1+ 22.Rxd1 Rd8
23.Qe2 Nf4 24.Qe1 Rxd1 25.Qxd1 Qd7 26.Qxd7 Nxd7 27.a3  1/2-1/2

[Event "SVK-chT2 9697"]
[Site "SVK"]
[Date "1997.??.??"]
[Round "6"]
[White "Veselsky, Jozef"]
[Black "Hagara, Eduard"]
[Result "1-0"]
[WhiteElo "2250"]
[BlackElo "2150"]

1.d4 Nf6 2.Nf3 g6 3.c4 Bg7 4.Nc3 O-O 5.e4 d6 6.Be2 Nbd7 7.O-O e5 8.dxe5 dxe5
9.Be3 Re8 10.Qc2 c6 11.c5 Nh5 12.g3 Bf8 13.b4 Ng7 14.Rad1 Qf6 15.Rd2 Ne6
16.Rfd1 Rd8 17.h4 h6 18.Nh2 Kh7 19.Ng4 Qe7 20.Na4 Rb8 21.a3 Bg7 22.Nb2 Nd4
23.Bxd4 exd4 24.Nc4 b6 25.e5 bxc5 26.Na5 Rb6 27.Bf3 Nxe5 28.Nxe5 Qxe5 29.bxc5 d3
30.Qc1 Ra6 31.Nxc6 Rxc6 32.Bxc6 Qd4 33.Bb5 Bf5 34.Bxd3  1-0

[Event "Piatka op"]
[Site "Swidnica"]
[Date "1997.??.??"]
[Round "6"]
[White "Shariyazdanov, Andrey"]
[Black "Alexikov, Alexander"]
[Result "1-0"]
[WhiteElo "2525"]
[BlackElo "2420"]

1.d4 Nf6 2.c4 g6 3.Nc3 Bg7 4.e4 d6 5.Be2 O-O 6.Nf3 e5 7.O-O Na6 8.Re1 c6
9.Bf1 exd4 10.Nxd4 Ng4 11.h3 Qb6 12.hxg4 Qxd4 13.g5 Nc5 14.Qf3 Qe5 15.Bf4 Qe7
16.Rad1 Be5 17.Qg3 f6 18.gxf6 Rxf6 19.Bxe5 dxe5 20.b4 Nd7 21.c5 Kg7 22.Rd2 Rf8
23.Red1 Nf6 24.Rd6 Nh5 25.Qe3 Kh8 26.b5 Qe8 27.Qg5 Kg7 28.Rd8 h6 29.Rxe8 hxg5
30.Rxf8 Kxf8 31.Rd6 Nf4 32.bxc6 bxc6 33.Rxc6 Bd7 34.Rd6 Ke7 35.g3 Rc8 36.gxf4 Rxc5
37.Rd3 gxf4 38.Nd5+ Kf7 39.Nxf4  1-0

[Event "SWZ-chT9697"]
[Site "SWZ"]
[Date "1997.??.??"]
[Round "?"]
[White "Huss, Andreas"]
[Black "Weindl, Alfred"]
[Result "1/2-1/2"]
[WhiteElo "2325"]
[BlackElo "2335"]

1.d4 Nf6 2.Nf3 g6 3.c4 Bg7 4.Nc3 d6 5.e4 O-O 6.Be2 e5 7.d5 a5 8.Bg5 h6 9.Bh4 Na6
10.O-O Qe8 11.Ne1 Bd7 12.Nd3 b6 13.Bxf6 Bxf6 14.Bg4 Bxg4 15.Qxg4 Bg7 16.Qe2 f5
17.b3 Rf7 18.a3 Nc5 19.Rab1 Nxd3 20.Qxd3 Qe7 21.Qc2 h5 22.b4 axb4 23.axb4 Bh6
24.Ra1 Rxa1 25.Rxa1 Qg5 26.Ra2 Qf4 27.h3 h4 28.Qb1 Kg7 29.Re2 Qg5 30.Qc2 Qf4
31.Nb5 Kh7 32.c5 bxc5 33.bxc5 dxc5 34.Qxc5 fxe4 35.d6 cxd6 36.Nxd6 Rd7 37.Qc6 Qc1+
38.Qxc1 Bxc1 39.Nxe4 Kg7 40.Kf1 Rd1+ 41.Re1 Rxe1+ 42.Kxe1 Kf7 43.Ke2 Ke6
44.Kf3 Kf5 45.Nd6+ Ke6  1/2-1/2

[Event "SWZ-chT9697"]
[Site "SWZ"]
[Date "1997.??.??"]
[Round "?"]
[White "Huss, Andreas"]
[Black "Renet, Olivier"]
[Result "0-1"]
[WhiteElo "2325"]
[BlackElo "2505"]

1.d4 Nf6 2.Nf3 g6 3.c4 Bg7 4.Nc3 O-O 5.e4 d6 6.Be2 e5 7.d5 a5 8.Be3 Ng4 9.Bg5 f6
10.Bh4 Na6 11.O-O h5 12.Ne1 Nc5 13.h3 Nh6 14.f3 Bd7 15.Nd3 b6 16.Nxc5 bxc5
17.a4 Qc8 18.Be1 f5 19.Bd2 f4 20.Nb5 Bf6 21.Qe1 Qd8 22.g4 Bh4 23.Qd1 Kg7
24.Bc3 Nf7 25.Kg2 Ng5 26.Be1 Bg3  0-1

[Event "SWZ-chT9697"]
[Site "SWZ"]
[Date "1997.??.??"]
[Round "?"]
[White "Meyer, Hartmut"]
[Black "Fejzullahu, Afrim"]
[Result "0-1"]
[WhiteElo "2160"]
[BlackElo "2290"]

1.c4 g6 2.Nc3 Bg7 3.Nf3 Nf6 4.e4 d6 5.d4 O-O 6.Be2 e5 7.O-O exd4 8.Nxd4 Re8
9.f3 Nc6 10.Be3 Nh5 11.f4 Nf6 12.Bf3 Bg4 13.Nxc6 Bxf3 14.Qxf3 bxc6 15.Rfe1 Qc8
16.Rad1 Qe6 17.Bf2 Qxc4 18.e5 Nd5 19.Rd4 Qa6 20.Nxd5 cxd5 21.Qxd5 dxe5 22.fxe5 c6
23.Qc5 Qxa2 24.Rd7 Qxb2 25.Qc4 Re6 26.Rxf7 Rae8 27.Rxa7 Qb5 28.Qxb5 cxb5
29.Bg3 Rb8 30.Rd1 b4 31.Rad7 b3 32.Rd8+ Re8 33.Rxb8 Rxb8 34.e6 Re8 35.Rb1 b2
36.Bd6 Rxe6 37.Ba3 Ra6 38.Bxb2 Rb6 39.Ra1 Rxb2 40.Ra8+ Bf8 41.h3 h5 42.Kf1 h4
43.Kg1 Kf7 44.Ra7+ Ke6  0-1

[Event "SWZ-chT9697"]
[Site "SWZ"]
[Date "1997.??.??"]
[Round "?"]
[White "Wirthensohn, Heinz"]
[Black "Gerber, Richard"]
[Result "1-0"]
[WhiteElo "2375"]
[BlackElo "2360"]

1.Nf3 Nf6 2.c4 g6 3.Nc3 Bg7 4.e4 O-O 5.d4 d6 6.Be2 e5 7.Be3 Nc6 8.d5 Ne7
9.Nd2 Ne8 10.c5 f5 11.f3 Nf6 12.Nc4 h5 13.O-O Kh8 14.Qb3 Neg8 15.cxd6 cxd6
16.Qa3 Ne8 17.Nb6 Bh6 18.Bf2 axb6 19.Qxa8 Ngf6 20.Kh1 Nc7 21.Qa3 Na6 22.Bxa6 bxa6
23.Qb4 b5 24.a4 bxa4 25.Nxa4 Rf7 26.Nb6 Bb7 27.Nc4 Ne8 28.Na5 Bc8 29.Nc6 Qd7
30.exf5 gxf5 31.Bh4 Nf6 32.Qa5 Rf8 33.Rad1 Kg7 34.Qb6 Bb7 35.Bxf6+ Rxf6 36.Nd8 Ba8
37.Qb8 Rf8 38.Qxa8 Rxd8 39.Qxa6 Rb8 40.Qc6 Qd8 41.Ra1 Be3 42.Qc2 Kf6 43.Ra6 Bd4
44.b3 Rc8 45.Rc6 Ra8 46.Qd2 f4 47.Qb4 Bc5 48.Qxc5  1-0